Bharat's systematic approach to income tax and central sales tax / (Record no. 66705)

MARC details
000 -LEADER
fixed length control field 00623nam a22001697a 4500
005 - DATE AND TIME OF LATEST TRANSACTION
control field 20120516121927.0
020 ## - INTERNATIONAL STANDARD BOOK NUMBER
International Standard Book Number 817733171X
Terms of availability 280.00
035 ## - SYSTEM CONTROL NUMBER
System control number B-82684
037 ## - SOURCE OF ACQUISITION
Stock number DPL
Source of stock number/acquisition ENG
100 ## - MAIN ENTRY--PERSONAL NAME
Personal name Ahuja, Girish
245 ## - TITLE STATEMENT
Title Bharat's systematic approach to income tax and central sales tax /
Statement of responsibility, etc by Girish Ahuja and Ravi Gupta
260 ## - PUBLICATION, DISTRIBUTION, ETC. (IMPRINT)
Place of publication, distribution, etc New Delhi
Name of publisher, distributor, etc Bharat Law House
Date of publication, distribution, etc 2004
300 ## - PHYSICAL DESCRIPTION
Extent 990p.
Dimensions 22 cms.
700 ## - ADDED ENTRY--PERSONAL NAME
Personal name Gupta, Ravi
9 (RLIN) 47168
942 ## - ADDED ENTRY ELEMENTS (KOHA)
Source of classification or shelving scheme Dewey Decimal Classification
Item type English Books
Classification part 336.24
Call number suffix AHU
Holdings
Withdrawn status Lost status Not for loan Collection code Home library Current library Date acquired Cost, normal purchase price Full call number Barcode Cost, replacement price Koha item type
      Non-fiction Sarojini Nagar Sarojini Nagar 16/05/2012 280.00 336.24 AHU B-82684 280.00 English Books

© Delhi Public Library
Hit Counter
free hit counter